UM Logo

Alternate filter structures for circulating current and conducted noise mitigation / (Record no. 21300)

MARC details
000 -LEADER
fixed length control field 00950nam a22002297a 4500
003 - CONTROL NUMBER IDENTIFIER
control field OSt
005 - DATE AND TIME OF LATEST TRANSACTION
control field 20250328083231.0
008 - FIXED-LENGTH DATA ELEMENTS--GENERAL INFORMATION
fixed length control field 240904b ||||| |||| 00| 0 eng d
040 ## - CATALOGING SOURCE
Transcribing agency 0
082 ## - DEWEY DECIMAL CLASSIFICATION NUMBER
Classification number DPer 621.317 Ie21 December 2022 v.37 n. 12 part 1&2.
100 ## - MAIN ENTRY--PERSONAL NAME
Personal name Phukan, Ripun.
Relator term author.
9 (RLIN) 60130
245 ## - TITLE STATEMENT
Title Alternate filter structures for circulating current and conducted noise mitigation /
Statement of responsibility, etc. Ripun Phukan, and Rolando Burgos.
260 ## - PUBLICATION, DISTRIBUTION, ETC. (IMPRINT)
Place of publication, distribution, etc. New York ;
Name of publisher, distributor, etc. The Institute of Electrical and Electronics Engineers, Inc.,
Date of publication, distribution, etc. December 2022.
300 ## - PHYSICAL DESCRIPTION
Extent volume 37, pages 14052-14056,
Other physical details illustration.
500 ## - GENERAL NOTE
General note IEEE Transactions on Power Electronics, v. 37 n. 12, pages 14052-14056, December 2022.
650 #0 - SUBJECT ADDED ENTRY--TOPICAL TERM
Topical term or geographic name as entry element Indirect coupling.
9 (RLIN) 65975
650 #0 - SUBJECT ADDED ENTRY--TOPICAL TERM
Topical term or geographic name as entry element monolithic structure.
9 (RLIN) 65976
650 #0 - SUBJECT ADDED ENTRY--TOPICAL TERM
Topical term or geographic name as entry element silicon carbide (SiC).
9 (RLIN) 65977
700 ## - ADDED ENTRY--PERSONAL NAME
Personal name Phukan, Ripun.
Relator term author.
9 (RLIN) 60130
700 ## - ADDED ENTRY--PERSONAL NAME
Personal name Burgos, Rolando.
Relator term author.
9 (RLIN) 60131
942 ## - ADDED ENTRY ELEMENTS (KOHA)
Source of classification or shelving scheme Dewey Decimal Classification
Koha item type Periodicals
Holdings
Withdrawn status Lost status Source of classification or shelving scheme Damaged status Not for loan Collection code Home library Current library Date acquired Total Checkouts Full call number Date last seen Price effective from Koha item type Public note
    Dewey Decimal Classification     Periodicals UM Digos College - LIC UM Digos College - LIC 09/04/2024   DPer 621.317 Ie21 December 2022 v.37 n. 12 part 1&2. 09/04/2024 09/04/2024 Periodicals Periodical Article